00341nam a2200097Ia 4500008004100000245007100041245002000112260000900132650005400141856004800195171204s9999 xx 000 0 und d aDigital Keywords: A Vocabulary of Information Society and Culture: cBenjamin Peters c2016 xDIGITAL INFORMATION AND COMMUNICATION DEVELOPMENT uhttp://down.ebook777.com/032/0691167346.pdf